Normal view
MARC view
- ENGLSTFT,RUDSTRON, F,FIALLA, J
Entry Personal Name
001 - CONTROL NUMBER
- control field: 80062
003 - CONTROL NUMBER IDENTIFIER
- control field: NUST
005 - DATE AND TIME OF LATEST TRANSACTION
- control field: 20210628210601.0
008 - FIXED-LENGTH DATA ELEMENTS
- fixed length control field: 210628|| aca||aabn | a|a d
040 ## - CATALOGING SOURCE
- Original cataloging agency: NUST
- Transcribing agency: NUST
100 ## - HEADING--PERSONAL NAME
- Personal name: ENGLSTFT,RUDSTRON, F,FIALLA, J
670 ## - SOURCE DATA FOUND
- Source citation: Work cat.: (NUST): ENGLSTFT,RUDSTRON, F,FIALLA, J, HOW TO BUILD TV ANTENNAS FOR ALL CHANNELS, 1969
